[Event "GER-chT U10"]
[Site "Magdeburg"]
[Date "2013.12.28"]
[Round "4.3"]
[White "Akbaba, Eren"]
[Black "Watzek, Luna"]
[Result "0-1"]
[WhiteElo "758"]
[BlackElo "745"]
[PlyCount "90"]
[EventDate "2013.12.27"]
[EventType "team-swiss"]
[EventRounds "5"]
[EventCountry "GER"]
[SourceTitle "EXT 2015"]
[Source "ChessBase"]
[SourceDate "2014.11.20"]
[SourceVersion "1"]
[SourceVersionDate "2014.11.20"]
[SourceQuality "1"]
[WhiteTeam "Bernhausen II"]
[BlackTeam "Meuselwitz"]
[WhiteTeamCountry "GER"]
[BlackTeamCountry "GER"]

1. e4 e5 2. Nf3 Nc6 3. Bc4 Bc5 4. d3 d6 5. Ng5 Be6 6. Bxe6 fxe6 7. Nxe6 Qd7 8. Nxc5 dxc5 9. 0-0 0-0-0 10. Qe1 Nf6 11. Bg5 Kb8 12. Nc3 Rc8 13. Bxf6 gxf6 14. Qd1 Ne7 15. Qh5 h6 16. Rae1 Rhg8 17. Ne2 Rh8 18. Ng3 Qb5 19. Ra1 Qa6 20. Nf5 Nxf5 21. Qxf5 Qc6 22. Qg6 c4 23. dxc4 Qxc4 24. Rfc1 Qc6 25. Rab1 Rcg8 26. Qf7 Rf8 27. Qh5 Rh7 28. Rd1 Rg8 29. Rd2 a6 30. Rbd1 Rhg7 31. Rd8+ Rxd8 32. Rxd8+ Ka7 33. a4 Qxa4 34. h3 Qxc2 35. Qe8 Qxb2 36. Ra8+ Kb6 37. Qe6+ Kb5 38. Qd5+ Kb4 39. Qxb7+ Kc3 40. Qxc7+ Rxc7 41. Rxa6 Rf7 42. Rc6+ Kd3 43. f3 Ke3 44. Kf1 Qb1+ 45. Rc1 Qxc1# 0-1

[Event "GER-chT U10"]
[Site "Magdeburg"]
[Date "2013.12.28"]
[Round "3.3"]
[White "Kramer, Maximilian"]
[Black "Akbaba, Eren"]
[Result "1-0"]
[WhiteElo "794"]
[BlackElo "758"]
[PlyCount "81"]
[EventDate "2013.12.27"]
[EventType "team-swiss"]
[EventRounds "5"]
[EventCountry "GER"]
[SourceTitle "EXT 2015"]
[Source "ChessBase"]
[SourceDate "2014.11.20"]
[SourceVersion "1"]
[SourceVersionDate "2014.11.20"]
[SourceQuality "1"]
[WhiteTeam "Saalfeld"]
[BlackTeam "Bernhausen II"]
[WhiteTeamCountry "GER"]
[BlackTeamCountry "GER"]

1. e4 e5 2. Nf3 Nc6 3. Nc3 Nf6 4. Bd3 Bc5 5. 0-0 0-0 6. h3 d6 7. Bb5 a6 8. Bxc6 bxc6 9. d3 h6 10. Bd2 Bb4 11. a3 Bxc3 12. Bxc3 d5 13. Bb4 Re8 14. exd5 cxd5 15. Bc3 c5 16. Bxe5 a5 17. Bxf6 Qxf6 18. d4 Ba6 19. Re1 Rab8 20. Rxe8+ Rxe8 21. dxc5 Qg6 22. Rc1 Be2 23. Qxd5 Bxf3 24. Qxf3 Qe6 25. c6 Qc8 26. Qd5 Qxc6 27. Rd1 Qc8 28. Qd7 Qa8 29. Qd5 Qb8 30. b3 Rd8 31. Qxd8+ Qxd8 32. Rxd8+ Kh7 33. b4 a4 34. b5 f6 35. b6 f5 36. b7 Kg6 37. b8Q f4 38. Qxf4 Kh7 39. Qe4+ g6 40. Rd7+ Kh8 41. Qe8# 1-0